Statistics for Quiz d'art, culture artistique

Click here to take the quiz!

General Stats

  • This quiz has been taken 24 times
    (20 since last reset)
  • The average score is 8 of 15

Answer Stats

QuestionAnswer% Correct
J'ai laissé des cadavres dans mon appartement pour peindre mon chef d'oeuvre, un certain radeau, exposé maintenant au Louvre, je suis :Théodore Géricault
86%
J'ai voyagé partout, j'aime peindre la mer agitée, je suis aussi un grand aquarelliste et je suis bien représenté dans la Tate Galerie à Londres :William Turner
86%
Je suis un peintre mort à Atuona aux îles Marquises :Paul Gauguin
79%
J'ai écrit de nombreuses lettres à mon frère Théo, je suis ?Vincent Van Gogh
79%
J'aime donner des titres à mes peintures qui n'ont aucun rapport avec le tableaux pour faire réfléchir, je suis surréaliste, je suis belge et pas très apprécié de mon vivant en Europe mais plus aux Etats-Unis, qui suis-je ? :René Magritte
71%
Je suis un peintre vénitien et une couleur porte même mon nom :Paul Véronèse
57%
"Je pense souvent que la nuit est plus vivante et plus richement colorée que le jour" : qui à prononcé cette phrase ?Van Gogh
57%
Quel est le "nabi" qui se cache parmi ces peintres :Edouard Vuillard
43%
J'ai illustré de nombreuses œuvres notamment "le Corbeau" de Egdar Allan poeGustave Doré
43%
J'ai peint une légende du Kalevala : la légende de Aino :Akseli Gallen-Kallela
36%
Je ne suis pas un pointilliste :David Hockney
36%
Lequel de ces peintre ne fait pas partie du mouvement fauviste :Felix Vallotton
36%
Lequel de ces peintres n'est pas considéré comme faisant de l'"entartete Kunst", de l'"art dégénéré" pendant la seconde geurre mondiale ? :Caspar David Friedrich
29%
Qui a prononcé : « Se rappeler qu’un tableau […] est essentiellement une surface plane recouverte de couleurs en un certain ordre assemblées. » :Maurice Denis
29%
J'ai donné mon nom à une marque de crayon, mais je suis avant tout un peintre et architecte florentin :Giotto di Bondone
14%

Score Distribution

Percentile by Number Answered

Percent of People with Each Score

Your Score History

You have not taken this quiz since the last reset